[Event "GER-ch Net Amateur Gr-B Vor2"]
[Site "Playchess.com INT"]
[Date "2020.04.15"]
[Round "3"]
[White "Homfeldt, Christopher"]
[Black "Skoerys, Michael"]
[Result "1-0"]
[WhiteElo "1694"]
[BlackElo "1597"]
[PlyCount "59"]
[EventDate "2020.04.15"]
[EventType "swiss (blitz)"]
[EventRounds "9"]
[EventCountry "GER"]
[SourceTitle "CBM 196 Extra"]
[Source "ChessBase"]
[SourceDate "2020.07.31"]
[SourceVersion "1"]
[SourceVersionDate "2020.07.31"]
[SourceQuality "1"]

1. e4 d5 2. exd5 Qxd5 3. Nc3 Qd8 4. d4 Nf6 5. Nf3 e6 6. Bg5 a6 7. Bd3 Be7 8. 0-0 b5 9. Ne5 Bb7 10. Ng4 Nbd7 11. Re1 0-0 12. Nxf6+ Bxf6 13. Qh5 g6 14. Bxf6 Qxf6 15. Qg4 c5 16. dxc5 Nxc5 17. Ne4 Nxe4 18. Bxe4 Bxe4 19. Qxe4 Qxb2 20. c4 bxc4 21. Qxc4 Rfc8 22. Qf4 Rc2 23. Rad1 Rac8 24. Rd7 Qg7 25. Qa4 Qb2 26. Qf4 e5 27. Qxf7+ Kh8 28. Qf6+ Kg8 29. Rg7+ Kh8 30. Rxg6# 1-0

[Event "GER-ch Net Amateur Gr-B Vor2"]
[Site "Playchess.com INT"]
[Date "2020.04.15"]
[Round "1"]
[White "Schaper, Jan Erik"]
[Black "Skoerys, Michael"]
[Result "0-1"]
[WhiteElo "1704"]
[BlackElo "1597"]
[PlyCount "120"]
[EventDate "2020.04.15"]
[EventType "swiss (blitz)"]
[EventRounds "9"]
[EventCountry "GER"]
[SourceTitle "CBM 196 Extra"]
[Source "ChessBase"]
[SourceDate "2020.07.31"]
[SourceVersion "1"]
[SourceVersionDate "2020.07.31"]
[SourceQuality "1"]

1. d4 d5 2. Bf4 Nf6 3. Nc3 c6 4. e3 e6 5. Be2 Bd6 6. Bg3 Be7 7. Nf3 Nbd7 8. Bd3 b6 9. Ne5 Bb7 10. 0-0 c5 11. Nb5 0-0 12. c3 c4 13. Bc2 a6 14. Na3 b5 15. f4 Ne4 16. Bxe4 dxe4 17. Nxd7 Qxd7 18. Nc2 f5 19. Qe2 Bd5 20. a3 Rf6 21. Bh4 Rg6 22. Bxe7 Qxe7 23. Nb4 Qh4 24. a4 Rh6 25. g3 Qd8 26. Ra3 g5 27. Rfa1 gxf4 28. exf4 Rg6 29. axb5 axb5 30. Nxd5 Rxa3 31. Rxa3 exd5 32. Qg2 Qe7 33. Ra1 b4 34. Qc2 b3 35. Qe2 e3 36. Re1 Re6 37. Kg2 h5 38. Qxh5 Qg7 39. Qg5 Qxg5 40. fxg5 Kg7 41. Kf3 Kg6 42. Rxe3 Ra6 43. Re2 Ra1 44. h4 Rf1+ 45. Rf2 Rc1 46. g4 fxg4+ 47. Kxg4 Rg1+ 48. Kh3 Rh1+ 49. Kg3 Rg1+ 50. Rg2 Rc1 51. Kg4 Rc2 52. h5+ Kg7 53. Rg1 Rxb2 54. h6+ Kg6 55. Kf4 Rf2+ 56. Ke3 Rh2 57. Kf4 b2 58. Ke5 Rc2 59. Kxd5 Rc1 60. h7 Kxh7 0-1

[Event "GER-ch Net Amateur Gr-B Vor2"]
[Site "Playchess.com INT"]
[Date "2020.04.15"]
[Round "9"]
[White "Zhou, Lepu Coco"]
[Black "Skoerys, Michael"]
[Result "1-0"]
[WhiteElo "1677"]
[BlackElo "1597"]
[PlyCount "73"]
[EventDate "2020.04.15"]
[EventType "swiss (blitz)"]
[EventRounds "9"]
[EventCountry "GER"]
[SourceTitle "CBM 196 Extra"]
[Source "ChessBase"]
[SourceDate "2020.07.31"]
[SourceVersion "1"]
[SourceVersionDate "2020.07.31"]
[SourceQuality "1"]

1. e4 d5 2. exd5 Qxd5 3. Nc3 Qd8 4. d4 Nf6 5. Nf3 e6 6. Bc4 a6 7. 0-0 b5 8. Bb3 Bb7 9. a4 b4 10. Na2 c5 11. dxc5 Qxd1 12. Rxd1 Bxc5 13. Be3 Bxe3 14. fxe3 a5 15. c3 bxc3 16. Nxc3 Nbd7 17. Nb5 0-0 18. Rac1 Bd5 19. Bxd5 Nxd5 20. e4 N5b6 21. Rd6 Rac8 22. Rcd1 Nxa4 23. Rxd7 Nxb2 24. Rb1 Nc4 25. Nd6 Nxd6 26. Rxd6 Ra8 27. Ra1 Ra7 28. Ne5 f6 29. Nc6 Rc7 30. Rxa5 Rfc8 31. Nb4 Rc1+ 32. Kf2 Rb1 33. Nd3 e5 34. Rc5 Ra8 35. Rc7 Ra2+ 36. Kg3 Ra3 37. Rd8# 1-0

[Event "GER-ch Net Amateur Gr-B Vor1"]
[Site "Playchess.com INT"]
[Date "2020.04.14"]
[Round "3"]
[White "Urban, Michael"]
[Black "Skoerys, Michael"]
[Result "1-0"]
[WhiteElo "1684"]
[BlackElo "1572"]
[PlyCount "43"]
[EventDate "2020.04.14"]
[EventType "swiss (blitz)"]
[EventRounds "9"]
[EventCountry "GER"]
[SourceTitle "EXT 2021"]
[Source "ChessBase"]
[SourceDate "2020.10.23"]
[SourceVersion "1"]
[SourceVersionDate "2020.10.23"]
[SourceQuality "1"]

1. d4 d5 2. Bf4 Nf6 3. e3 e6 4. Nd2 c6 5. Bd3 Be7 6. Ngf3 0-0 7. Ne5 Nbd7 8. h4 c5 9. c3 cxd4 10. exd4 Nxe5 11. dxe5 Nd7 12. Bxh7+ Kxh7 13. Qh5+ Kg8 14. Nf3 f6 15. Ng5 fxg5 16. hxg5 Rxf4 17. g6 Rh4 18. Rxh4 Bxh4 19. Qh7+ Kf8 20. Qh8+ Ke7 21. Qxg7+ Ke8 22. Qf7# 1-0